000 02009cam a2200337 a 4500
001 14931330
003 OSt
005 20211124105049.0
008 070717s2008 njuab b 001 0 eng
010 _a 2007029574
020 _a9788131724866
035 _a(OCoLC)ocn156874798
038 _akhadija
040 _aDLC
_cDLC
_dBAKER
_dBTCTA
_dYDXCP
_dC#P
_dBWX
_dNLGGC
_dTBS
_dDLC
050 0 0 _aHD58.7
_b.A478 2008
082 0 0 _a658.4
_222
_bAND
084 _a85.08
_2bcl
100 1 _aAndré, Rae.
_984997
245 1 0 _aOrganizational behavior :
_ban introduction to your life in organizations /
_cRae André.
260 _aUpper Saddle River, NJ :
_bPearson Prentice Hall,
_cc2008.
300 _axxxv, 572 p. :
_bcol. ill., col. map ;
_c28 cm.
504 _aIncludes bibliographical references and index.
505 0 _aIndividuals and relationships -- Why mastering organizational behavior is essential to your career -- Your personality and style -- Decision making -- Fundamentals of motivation -- Motivating individuals in their jobs -- Health and stress at work -- Communication and interpersonal relationships -- Cross-cultural relationships -- Groups -- Groups and their influence -- Improving team effectiveness -- Leadership -- The challenge of leadership -- Leadership roles and skills -- Power and influence -- Conflicts good and bad -- The organization -- Designing effective organizations -- Organizational structure as a design tool -- Organizational culture -- Changing organizations -- Looking ahead to using OB in your career -- OB is for life.
563 _aPB
650 0 _aOrganizational behavior.
_984998
650 0 _aPsychology, Industrial.
_984999
856 4 1 _3Table of contents only
_uhttp://www.loc.gov/catdir/toc/ecip0723/2007029574.html
906 _a7
_bcbc
_corignew
_d1
_eecip
_f20
_gy-gencatlg
942 _2ddc
_cBK
999 _c33598
_d33598